Trh cestovných kancelárii na strednom Slovensku bakalárska práca

Enregistré dans:
Détails bibliographiques
Auteur principal: Krajčiová, Ema
Collectivité auteur: Obchodná fakulta EU. Katedra cestovného ruchu
Autres auteurs: Horská, Henrieta, 1998-
Format: Livre
Langue:slovaque
Publié: Bratislava 2025
Tags: Ajouter un tag
Pas de tags, Soyez le premier à ajouter un tag!

MARC

LEADER 00000nbm a2200000 4500
001 0311042
005 20260210094014.1
041 0 |a slo 
044 |a SK 
245 1 0 |a Trh cestovných kancelárii na strednom Slovensku  |b bakalárska práca  |c Ema Krajčiová ; školiteľ: Henrieta Horská 
264 1 |a Bratislava  |c 2025 
300 |a 70 s. 
100 1 |a Krajčiová, Ema 
700 1 |a Horská, Henrieta, 1998- 
710 2 |a Obchodná fakulta EU. Katedra cestovného ruchu